Proposed States - Statistics

General Stats
  • This quiz has been taken 66 times
  • The average score is 8 of 12
Answer Stats
Proposed State Current Country % Correct
Vermont USA
100%
Saskatchewan Canada
97%
Corsica France
90%
Jammu and Kashmir India
89%
Manchukuo China
82%
Åland Finland
77%
Republic of Ryukyu Japan
73%
Sahrawi Arab Democratic Republic Morocco
69%
Mombasa Republic Kenya
68%
Republic of Cabinda Angola
42%
Moravia Czechia
39%
Communitarian Nation of Moskitia Nicaragua
16%
No matching quizzes found
Score Distribution
Percent of People with Each Score
Percentile by Number Answered
Your Score History
You have not taken this quiz